000 00290nam a22001337a 4500
008 170315b xxu||||| |||| 00| 0 eng d
020 _a9780781742559
041 _aeng
080 _211TH
_a611
100 _a7
101 _aSHM
245 _aATLAS OF ANATOMY
_cAGUR, A.M,R
942 _2udc
_cBK
999 _c7875
_d7875